1442 1121 1930 1350 1438 1252 1654 1631 1326 1553 1293 1201 1323 1313 1989 1405 1549 1680 1318 1322 1792 1048 1701 1842 1051 1380 1993 1510 1966 1567 1346 1386 1498 1373 1096 1574 1271 1333 1302 2000 1570 1698 1962 1879 1030 1882 1417 1271 1334 1731 1341 1319 1927 1584 1828 1582 1963 1960 1487 1851 1283 1895 1000 1615 1810 1766 1651 1763 1739 1807 1930 1964 1668 1817 1762 1674 1400 1745 1733 1736 1706 1694 1588 1934 1802 1893 1128 1624 1779 1952 1108 1586 1193 1910 1691 1469 1147 1753 1619 BCNSPRNW ULIB Ver.6.0+V

เปลี่ยนเป็นภาษาไทย

Change to English
 แสดงรายละเอียดบรรณานุกรม
  กลับหน้าหลัก

Brief Record : Get Marc (ISO 2709) : E-mail record : QR code < ปิดหน้าต่าง
LEADER : 00000nam 2200000uu 4500
001    13399115199
003     ULIB
008    040223s2000 us 000 0 eng d
020    ^a0697387933 (pbk.)
060 04 ^aQT^bT915A
100 1  ^aStrete, Dennis
245 13 ^aAn atlas to human anatomy /^cDennis Strete, Christopher H.
260    ^aBoston, Mass. :^bMcGraw-Hill,^c2000
300    ^aviii, 200 p. :^bill. (some col.) ;^c28 cm.
500    ^aIncludes index
500    ^aSend to Single Search
650  2 ^aAnatomy^vatlases
700 1  ^aCreek, Christopher H.
945    ^p0^l0^i400476
995    ^akanchaporn
999 ^a ใช้งานได้ทุกระบบ
รายการนี้ยังไม่มีแท็ก
คุณยังไม่ได้ล็อกอิน คุณสามารถมีกิจกรรมร่วมกับเว็บไซต์ได้ แต่ต้องล็อกอินก่อน ::
  ล็อกอิน

รายการสื่อสารสนเทศ

ลำดับที่ ประเภท เลขเรียก/บาร์โค้ด สถานที่ สถานะ
- ไม่พบข้อมูล -

รายการใกล้เคียง
    หัวเรื่อง [Anatomy atlases]

BibComment


ยังไม่เคยถูกคอมเมนท์

คอมเมนท์ทรัพยากรรายการนี้
  คอมเมนท์: An atlas to huma..


 Copyright 2026. Bcnsprnw @Library